Most cycling monument podiums - Statistics

General Stats
  • This quiz has been taken 127 times
  • The average score is 11 of 17
Answer Stats
Name Country Years Wins Podiums % Correct
Eddy Merckx Belgium 1966-1976 19 30
99%
Fabian Cancellara Switzerland 2006-2016 7 16
96%
Alejandro Valverde Spain 2006-2019 4 10
91%
Tom Boonen Belgium 2002-2016 7 13
89%
Fausto Coppi Italy 1946-1956 9 14
88%
Philippe Gilbert Belgium 2008-2019 5 11
83%
Sean Kelly Ireland 1983-1992 9 15
77%
Gino Bartali Italy 1935-1950 7 13
76%
Roger De Vlaeminck Belgium 1969-1981 11 21
56%
Johan Museeuw Belgium 1991-2002 6 15
55%
Francesco Moser Italy 1974-1984 6 15
52%
Rik van Looy Belgium 1958-1967 8 13
52%
Alfredo Binda Italy 1925-1932 6 10
45%
Felice Gimondi Italy 1966-1974 4 10
36%
Constante Girardengo Italy 1917-1928 9 15
28%
Walter Godefroot Belgium 1967-1978 4 10
18%
Gaetano Belloni Italy 1915-1928 5 11
10%
No matching quizzes found
Score Distribution
Percent of People with Each Score
Percentile by Number Answered
Your Score History
You have not taken this quiz